000
00280nam a22001217a 4500
008
160421b xxu||||| |||| 00| 0 eng d
020
_a
9780763742676
020
_a
100763742678
041
_a
eng
080
_a
618.2
245
_a
Nursing research:
_c
Janet Houser;
942
_2
udc
_c
BK
999
_c
1498
_d
1498